Équipes jamais qualifiées pour la Coupe du monde - Mort subite - Statistiques

Statistiques générales
  • Ce quiz a été pris 252 fois
  • Le résultat moyen est 7 sur 21
Answers on the Grid
Answers color-coded by a green-red scale on the quiz's grid according to % correct below.
Luxembourg
Finlande
Guatemala
Chypre
Syrie
Suriname
Zambie
Venezuela
Malaisie
Thaïlande
Guinée
Kenya
Soudan
Albanie
Malte
Singapour
Bahreïn
Bangladesh
Estonie
Pakistan
Saint-Marin
Qatar
Cuba
Israël
Haiti
Koweït
Irak
Émirats arabes unis
Jamaïque
Chine
Angola
Turquie
Corée du Nord
Nouvelle-Zélande
Slovénie
Canada
Honduras
Irlande du Nord
Grèce
Ghana
Écosse
Costa Rica
 
Statistiques - réponses
Réponse % Correct
Saint-Marin
44%
Malte
43%
Luxembourg
41%
Bangladesh
40%
Bahreïn
39%
Suriname
39%
Chypre
37%
Singapour
34%
Syrie
33%
Pakistan
31%
Soudan
31%
Thaïlande
31%
Estonie
30%
Kenya
30%
Malaisie
29%
Guatemala
24%
Zambie
23%
Finlande
22%
Albanie
21%
Guinée
20%
Venezuela
18%
Aucun quiz correspondant
Distribution des résultats
% des personnes avec chaque résultat
Percentile par nombre de réponses
Votre historique - résultats
Vous n’avez pas pris ce quiz